Peru today; the roots of labor militancy /

En este estudio se analiza el desarrollo del movimiento obrero en Perú, desde los inicios del siglo XX hasta 1980. Contiene los siguientes temas: a-. organizaciones obrero-sindicales b-. desarrollo político peruano c-. logros del movimiento obrero d-. rol del capital foráneo en la economía e-. h...

Celý popis

Uloženo v:
Podrobná bibliografie
Hlavní autor: Bollinger, William
Další autoři: Volk, Steven
Médium: Text
Témata:
Tagy: Přidat tag
Žádné tagy, Buďte první, kdo vytvoří štítek k tomuto záznamu!

MARC

LEADER 00000 a a2200000 04500
001 9817
003
040
100 |a Bollinger, William  
245 |a Peru today; the roots of labor militancy /  |c William Bollinger ; Steven Volk 
520 |a En este estudio se analiza el desarrollo del movimiento obrero en Perú, desde los inicios del siglo XX hasta 1980. Contiene los siguientes temas: a-. organizaciones obrero-sindicales   |a b-. desarrollo político peruano   |a c-. logros del movimiento obrero   |a d-. rol del capital foráneo en la economía   |a e-. huelgas y levantamientos. Incluye, además, un meticuloso análisis de las huelgas de 1977 y su relación directa con el gobierno de Fernando Belaúnde Terry. ABB/mb  
650 |a MOVIMIENTOS OBREROS  
650 |a HUELGAS  
650 |a PARTICIPACION DE LOS TRABAJADORES  
650 |a RELACIONES LABORALES  
650 |a REPRESENTACION DE LOS TRABAJADORES  
650 |a SINDICATOS  
650 |a SINDICALISMO  
650 |a SALARIOS  
650 |a MOVIMIENTOS OBREROS  
700 |a Volk, Steven  
773 |g volumen 14, número 6; páginas 2-35  
999 |c 33128  |d 33128